[Event "IECG CC.2006.0.00144 email"]
[Site "IECG email"]
[Date "2006.12.24"]
[Round "?"]
[White "Eshuis, Hans"]
[Black "Groves, Patrick"]
[Result "1/2-1/2"]
[WhiteElo "1751"]
[BlackElo "1778"]
[PlyCount "63"]
[EventDate "2006.12.24"]
[EventType "tourn (corr)"]
[EventRounds "6"]
[SourceTitle "Corr 2011"]
[Source "ChessBase"]
[SourceDate "2010.08.31"]
[SourceVersion "1"]
[SourceVersionDate "2010.08.31"]
[SourceQuality "1"]

1. d4 Nf6 2. c4 e6 3. Nc3 Bb4 4. Qc2 0-0 5. a3 Bxc3+ 6. Qxc3 b6 7. Bg5 Bb7 8. f3 h6 9. Bh4 d5 10. e3 Nbd7 11. cxd5 Nxd5 12. Bxd8 Nxc3 13. Bh4 Nd5 14. Kd2 N5f6 15. b4 Rac8 16. Rb1 Rfd8 17. Ke1 g5 18. Bg3 Nh5 19. Ne2 f5 20. Bf2 Kf7 21. Nc3 e5 22. Rc1 exd4 23. exd4 Kg6 24. Nb5 Ndf6 25. Rxc7 Rxc7 26. Nxc7 Rc8 27. Nb5 Rc1+ 28. Kd2 Ra1 29. Nc3 Nd5 30. a4 Nhf4 31. Rg1 Ra3 32. Nxd5 1/2-1/2

[Event "IECG CC.2006.0.00144 email"]
[Site "IECG email"]
[Date "2006.12.24"]
[Round "?"]
[White "Groves, Patrick"]
[Black "Kirsten, Johannes"]
[Result "1-0"]
[WhiteElo "1778"]
[BlackElo "1600"]
[PlyCount "29"]
[EventDate "2006.12.24"]
[EventType "tourn (corr)"]
[EventRounds "6"]
[SourceTitle "Corr 2024"]
[Source "ChessBase"]
[SourceDate "2023.10.19"]
[SourceVersion "1"]
[SourceVersionDate "2023.10.19"]
[SourceQuality "1"]

1. e4 c6 2. d4 d5 3. e5 Bf5 4. Nc3 e6 5. g4 Bg6 6. Nge2 Nd7 7. Nf4 f5 8. Nxe6 Qb6 9. Bd2 c5 10. Nxd5 Qxb2 11. Bc3 Qa3 12. dxc5 Ne7 13. Ndc7+ Kf7 14. Nd8+ Kg8 15. Bc4+ 1-0

[Event "IECG CC.2006.0.00144 email"]
[Site "IECG email"]
[Date "2006.12.24"]
[Round "?"]
[White "Peinador, Dan"]
[Black "Groves, Patrick"]
[Result "0-1"]
[WhiteElo "1698"]
[BlackElo "1778"]
[PlyCount "46"]
[EventDate "2006.12.24"]
[EventType "tourn (corr)"]
[EventRounds "6"]
[SourceTitle "Corr 2011"]
[Source "ChessBase"]
[SourceDate "2010.08.31"]
[SourceVersion "1"]
[SourceVersionDate "2010.08.31"]
[SourceQuality "1"]

1. e4 c5 2. Nf3 d6 3. d4 cxd4 4. Qxd4 Nc6 5. Bb5 Bd7 6. Bxc6 Bxc6 7. Nc3 Nf6 8. Bg5 e6 9. 0-0-0 Be7 10. Rhe1 0-0 11. Kb1 Qc7 12. Qd2 Rfd8 13. Nd4 a6 14. f3 b5 15. g4 Rac8 16. Nce2 Bb7 17. Ng3 h6 18. h4 hxg5 19. hxg5 Nh7 20. Rh1 Bxg5 21. f4 Bf6 22. Qh2 Kf8 23. Nge2 Bxe4 0-1

[Event "IECG CP.2006.P.00005 email"]
[Site "IECG email"]
[Date "2006.10.01"]
[Round "?"]
[White "Bottoni, Carlo"]
[Black "Groves, Patrick"]
[Result "0-1"]
[WhiteElo "1285"]
[BlackElo "1770"]
[PlyCount "180"]
[EventDate "2006.10.01"]
[EventType "tourn (corr)"]
[EventRounds "6"]
[SourceTitle "Corr 2011"]
[Source "ChessBase"]
[SourceDate "2010.08.31"]
[SourceVersion "1"]
[SourceVersionDate "2010.08.31"]
[SourceQuality "1"]

1. e4 c6 2. d4 d5 3. e5 Bf5 4. Nc3 e6 5. g4 Bg6 6. Nge2 c5 7. h4 h6 8. Be3 Qb6 9. f4 Nc6 10. f5 exf5 11. Bg2 0-0-0 12. Nxd5 Qa6 13. h5 Bh7 14. 0-0 cxd4 15. Nxd4 Nxe5 16. Qd2 Nf6 17. Qc3+ Qc4 18. Nxf6 gxf6 19. Nxf5 Qxc3 20. bxc3 Rg8 21. Bxa7 Rxg4 22. Ne3 Rg5 23. Rxf6 Be4 24. Bd4 Be7 25. Rf2 Bxg2 26. Rxg2 Nf3+ 27. Kf2 Nxd4 28. cxd4 Rxd4 29. Rxg5 Bxg5 30. Rf1 f6 31. Kf3 Kc7 32. Ke2 Re4 33. Rf3 Kd7 34. Kd3 Ra4 35. Nd5 Ke6 36. c4 Rxa2 37. Kd4 Rd2+ 38. Kc5 f5 39. Rf1 Re2 40. Rb1 f4 41. Kd4 f3 42. Rf1 f2 43. Kd3 Rb2 44. Ke4 Bh4 45. Nf4+ Kf6 46. Ng2 Bg3 47. Kf3 Rb3+ 48. Ne3 Bh4 49. Ke4 Kg5 50. Ng2 Rc3 51. Nxh4 Rxc4+ 52. Ke3 Rxh4 53. Rxf2 b5 54. Rd2 Rh3+ 55. Ke4 Rxh5 56. Rd5+ Kg4 57. Rd6 Rh1 58. Rg6+ Kh5 59. Rb6 Rb1 60. Kd3 Kg5 61. Kc2 Rb4 62. Kc3 Rc4+ 63. Kd3 Rc5 64. Ke4 h5 65. Kf3 h4 66. Rb8 Kf5 67. Rh8 Rc3+ 68. Kg2 h3+ 69. Kh2 b4 70. Rb8 b3 71. Re8 Kf4 72. Re7 Re3 73. Rb7 Ke4 74. Rb4+ Kd5 75. Kg1 Rd3 76. Kh2 Kc5 77. Rb8 Kd4 78. Kg1 Kc3 79. Rc8+ Kd2 80. Rb8 Kc2 81. Rc8+ Rc3 82. Rb8 b2 83. Kh2 b1Q 84. Rxb1 Kxb1 85. Kg1 Kc1 86. Kh2 Kd1 87. Kg1 Ke2 88. Kh2 Kf2 89. Kh1 Kg3 90. Kg1 Rc1# 0-1

[Event "IECG CP.2006.P.00005 email"]
[Site "IECG email"]
[Date "2006.10.01"]
[Round "?"]
[White "Groves, Patrick"]
[Black "Vorobjev, Jaroslav"]
[Result "1-0"]
[WhiteElo "1770"]
[BlackElo "2111"]
[PlyCount "57"]
[EventDate "2006.10.01"]
[EventType "tourn (corr)"]
[EventRounds "6"]
[SourceTitle "Corr 2011"]
[Source "ChessBase"]
[SourceDate "2010.08.31"]
[SourceVersion "1"]
[SourceVersionDate "2010.08.31"]
[SourceQuality "1"]

1. c4 Nf6 2. Nc3 e5 3. Nf3 Nc6 4. g3 d5 5. cxd5 Nxd5 6. Bg2 Nb6 7. 0-0 Be7 8. a3 0-0 9. b4 Be6 10. d4 exd4 11. Ne4 f5 12. Nc5 Bxc5 13. bxc5 Nc4 14. Qa4 Re8 15. Rb1 Rb8 16. Bf4 Bd5 17. Rfc1 N4a5 18. Bg5 Qc8 19. Bd2 b5 20. cxb6 axb6 21. Rb5 Bf7 22. Ng5 Rxe2 23. Nxf7 Rxd2 24. Bd5 Qf8 25. Ne5+ Kh8 26. Bxc6 Nxc6 27. Rxc6 f4 28. Rxc7 fxg3 29. Nf7+ 1-0

[Event "IECG CC.2006.0.00138 email"]
[Site "IECG email"]
[Date "2006.07.17"]
[Round "?"]
[White "Groves, Patrick"]
[Black "Obando, Daniel"]
[Result "1-0"]
[WhiteElo "1797"]
[BlackElo "1600"]
[PlyCount "57"]
[EventDate "2006.07.17"]
[EventType "tourn (corr)"]
[EventRounds "6"]
[SourceTitle "Corr 2011"]
[Source "ChessBase"]
[SourceDate "2010.08.31"]
[SourceVersion "1"]
[SourceVersionDate "2010.08.31"]
[SourceQuality "1"]

1. e4 c5 2. Nf3 Nc6 3. d4 cxd4 4. Nxd4 Nf6 5. Nc3 e5 6. Ndb5 Bb4 7. Nd6+ Bxd6 8. Qxd6 Qe7 9. Qxe7+ Nxe7 10. Bg5 a6 11. a4 Nc6 12. 0-0-0 Ng4 13. Bh4 Rb8 14. h3 Nf6 15. f4 exf4 16. Be2 0-0 17. Bxf6 gxf6 18. Rhf1 Kg7 19. Rxf4 Re8 20. Nd5 f5 21. Rxf5 Rxe4 22. Rdf1 Rxe2 23. Rxf7+ Kg8 24. Rf8+ Kg7 25. R1f7+ Kh6 26. Rf6+ Kg7 27. Nf4 Re5 28. R6f7+ Kh6 29. Rh8 1-0

[Event "IECG CC.2005.0.00126 email"]
[Site "IECG email"]
[Date "2005.11.21"]
[Round "?"]
[White "Groves, Patrick"]
[Black "Jordaan, Wayne"]
[Result "1/2-1/2"]
[WhiteElo "1750"]
[BlackElo "1740"]
[PlyCount "94"]
[EventDate "2005.11.21"]
[EventType "tourn (corr)"]
[EventRounds "6"]
[SourceTitle "Corr 2008"]
[Source "ChessBase"]
[SourceDate "2008.06.24"]
[SourceVersion "1"]
[SourceVersionDate "2008.06.24"]
[SourceQuality "1"]

1. e4 c6 2. d4 d5 3. e5 Bf5 4. Nc3 e6 5. g4 Bg6 6. Nge2 Nd7 7. h4 h5 8. Nf4 Ne7 9. Nxg6 Nxg6 10. gxh5 Nxh4 11. Qg4 Nf5 12. Bg5 Be7 13. Bxe7 Qxe7 14. 0-0-0 f6 15. Bd3 fxe5 16. Bxf5 exf5 17. Qxf5 0-0-0 18. Rde1 e4 19. f3 e3 20. Qg4 Rde8 21. Re2 Rh6 22. Nd1 Qf7 23. c3 Rhe6 24. Rhe1 Nf6 25. Qg6 Rf8 26. Qxf7 Rxf7 27. Rh1 Ng8 28. Rh3 Rfe7 29. f4 Re4 30. Rexe3 Nh6 31. Kd2 Nf5 32. Rxe4 Rxe4 33. Rf3 a5 34. a4 Kd8 35. Nf2 Nh4 36. Rg3 Rxf4 37. Nd3 Rf7 38. Rg4 Nf5 39. Ne5 Rf6 40. Rg5 Kc7 41. Kd3 Kd6 42. b4 axb4 43. cxb4 Kc7 44. Ng4 Rf7 45. b5 cxb5 46. axb5 Kd6 47. Rg6+ Ke7 1/2-1/2

[Event "IECG WC.2009.P.00022"]
[Site "IECG email"]
[Date "2005.02.28"]
[Round "?"]
[White "Groves, Patrick"]
[Black "Boettcher, Fred"]
[Result "0-1"]
[WhiteElo "1669"]
[BlackElo "2022"]
[PlyCount "84"]
[EventDate "2005.02.28"]
[EventType "tourn (corr)"]
[EventRounds "6"]
[SourceTitle "Corr 2008"]
[Source "ChessBase"]
[SourceDate "2008.06.24"]
[SourceVersion "1"]
[SourceVersionDate "2008.06.24"]
[SourceQuality "1"]

1. e4 c5 2. Nf3 d6 3. d4 cxd4 4. Nxd4 Nf6 5. Nc3 a6 6. Be3 e5 7. Nb3 Be6 8. f3 Be7 9. Qd2 Nbd7 10. g4 h6 11. 0-0-0 b5 12. h4 Nb6 13. Qf2 Nfd7 14. Kb1 Qc7 15. Nd5 Bxd5 16. exd5 Nc4 17. Bc1 a5 18. Bd3 a4 19. Nd2 Rb8 20. Ne4 a3 21. b3 Nb2 22. Rd2 Nc4 23. Re2 Qb7 24. g5 hxg5 25. Qg2 gxh4 26. Qxg7 Rf8 27. Ng5 Ncb6 28. Nh7 Nxd5 29. Rg2 Bf6 30. Qh6 Ke7 31. Qd2 Qc6 32. Nxf6 N7xf6 33. Rxh4 Nc3+ 34. Ka1 Qxf3 35. Rf2 Qg3 36. Rfh2 b4 37. R2h3 Qg1 38. Rh1 Qb6 39. Qe1 Ncd5 40. Bc4 Rg8 41. Bxd5 Nxd5 42. Qd1 Nc3 0-1

[Event "IECG WC.2009.P.00022"]
[Site "IECG email"]
[Date "2005.02.28"]
[Round "?"]
[White "Roberts, Anthony"]
[Black "Groves, Patrick"]
[Result "1/2-1/2"]
[WhiteElo "2304"]
[BlackElo "1669"]
[PlyCount "65"]
[EventDate "2005.02.28"]
[EventType "tourn (corr)"]
[EventRounds "6"]
[SourceTitle "Corr 2008"]
[Source "ChessBase"]
[SourceDate "2008.06.24"]
[SourceVersion "1"]
[SourceVersionDate "2008.06.24"]
[SourceQuality "1"]

1. e4 c5 2. Nf3 d6 3. d4 cxd4 4. Nxd4 Nf6 5. Nc3 a6 6. Be3 e6 7. Be2 Qc7 8. a4 b6 9. f4 Bb7 10. Bf3 Nbd7 11. Qe2 Be7 12. 0-0 0-0 13. g4 d5 14. e5 Ne4 15. Nxe4 dxe4 16. Bg2 Rac8 17. g5 Rfd8 18. Bf2 Bc5 19. c3 Bxd4 20. Bxd4 Nc5 21. Qe3 Qd7 22. a5 Nb3 23. Bxb6 Nxa1 24. Bxd8 Nc2 25. Qc1 Nd4 26. Qd1 Rxd8 27. Qxd4 Qxd4+ 28. cxd4 Rxd4 29. h4 h5 30. gxh6 gxh6 31. Rb1 f6 32. Kf2 Rd2+ 33. Kg1 1/2-1/2

[Event "IECG WC.2009.P.00022"]
[Site "IECG email"]
[Date "2005.02.28"]
[Round "?"]
[White "Wisham, Clyde"]
[Black "Groves, Patrick"]
[Result "0-1"]
[WhiteElo "1645"]
[BlackElo "1669"]
[PlyCount "72"]
[EventDate "2005.02.28"]
[EventType "tourn (corr)"]
[EventRounds "6"]
[SourceTitle "Corr 2008"]
[Source "ChessBase"]
[SourceDate "2008.06.24"]
[SourceVersion "1"]
[SourceVersionDate "2008.06.24"]
[SourceQuality "1"]

1. d4 Nf6 2. c4 e6 3. Nf3 b6 4. e3 Bb7 5. Bd3 d5 6. cxd5 exd5 7. Nc3 Bd6 8. 0-0 0-0 9. b3 Nbd7 10. Nb5 Be7 11. Qc2 c6 12. Nc3 Re8 13. Bb2 Rc8 14. Ng5 Nf8 15. a4 a5 16. Bf5 Rc7 17. Rfc1 Bc8 18. Bxc8 Rxc8 19. Qf5 Qd7 20. Qd3 Ng6 21. Nf3 Ng4 22. h3 Nf6 23. Ne5 Qe6 24. Nxg6 fxg6 25. Rc2 g5 26. f3 Bd6 27. Nd1 Bb8 28. Ba3 c5 29. Rac1 Qd6 30. f4 gxf4 31. dxc5 bxc5 32. Bxc5 Rxc5 33. Rxc5 f3 34. gxf3 Qh2+ 35. Kf1 Bg3 36. Qc2 Qh1+ 0-1

[Event "IECG CP.2004.P.00057 email"]
[Site "IECG email"]
[Date "2004.10.01"]
[Round "?"]
[White "Groves, Patrick"]
[Black "Horak, Jiri"]
[Result "1/2-1/2"]
[WhiteElo "1517"]
[BlackElo "2179"]
[PlyCount "67"]
[EventDate "2004.10.01"]
[EventType "tourn (corr)"]
[EventRounds "6"]
[SourceTitle "Corr 2011"]
[Source "ChessBase"]
[SourceDate "2010.08.31"]
[SourceVersion "1"]
[SourceVersionDate "2010.08.31"]
[SourceQuality "1"]

1. e4 c5 2. Nf3 d6 3. d4 cxd4 4. Nxd4 Nf6 5. Nc3 Nc6 6. Bg5 e6 7. Qd2 a6 8. 0-0-0 Nxd4 9. Qxd4 Be7 10. f4 0-0 11. Be2 b5 12. Bf3 Bb7 13. e5 Bxf3 14. gxf3 dxe5 15. fxe5 Qxd4 16. Rxd4 Nd5 17. Ne4 Bxg5+ 18. Nxg5 Rac8 19. Re1 Rc6 20. Ne4 f6 21. f4 fxe5 22. fxe5 Rf5 23. Nd6 Rf2 24. Rd2 Rxd2 25. Kxd2 Nb6 26. c3 Nd7 27. Kc2 Rc5 28. Nb7 Rxe5 29. Rxe5 Nxe5 30. Nc5 a5 31. Nxe6 Nf3 32. Nc7 Nxh2 33. Nxb5 h5 34. b4 1/2-1/2

[Event "IECG CP.2004.P.00057 email"]
[Site "IECG email"]
[Date "2004.10.01"]
[Round "?"]
[White "Groves, Patrick"]
[Black "Petersen, Hans"]
[Result "1-0"]
[WhiteElo "1517"]
[BlackElo "1459"]
[PlyCount "67"]
[EventDate "2004.10.01"]
[EventType "tourn (corr)"]
[EventRounds "6"]
[SourceTitle "Corr 2011"]
[Source "ChessBase"]
[SourceDate "2010.08.31"]
[SourceVersion "1"]
[SourceVersionDate "2010.08.31"]
[SourceQuality "1"]

1. d4 Nf6 2. c4 e6 3. Nf3 d5 4. Nc3 Be7 5. Bg5 h6 6. Bh4 0-0 7. e3 b6 8. Be2 Bb7 9. Bxf6 Bxf6 10. cxd5 exd5 11. 0-0 Qe7 12. Qb3 Rd8 13. Rad1 c6 14. Rfe1 Bc8 15. Qc2 Be6 16. e4 Qd7 17. Ne5 Bxe5 18. dxe5 d4 19. Rxd4 Qxd4 20. Rd1 Qxd1+ 21. Nxd1 c5 22. Qa4 Bd7 23. Qa3 Nc6 24. f4 Be6 25. Ne3 Nb4 26. f5 Bxa2 27. f6 Be6 28. Nf5 Bxf5 29. exf5 gxf6 30. Qg3+ Kh7 31. exf6 Rg8 32. Qb3 Rgf8 33. Bh5 Rad8 34. Qg3 1-0

[Event "IECG CE.2004.0.00068 email"]
[Site "IECG email"]
[Date "2004.03.07"]
[Round "?"]
[White "Groves, Patrick"]
[Black "Rossetti, Mario"]
[Result "1-0"]
[WhiteElo "1316"]
[BlackElo "1306"]
[PlyCount "75"]
[EventDate "2004.03.07"]
[EventType "tourn (corr)"]
[EventRounds "6"]
[SourceTitle "Corr 2008"]
[Source "ChessBase"]
[SourceDate "2008.06.24"]
[SourceVersion "1"]
[SourceVersionDate "2008.06.24"]
[SourceQuality "1"]

1. e4 e5 2. Nf3 Nc6 3. Bc4 Nf6 4. d3 Be7 5. 0-0 0-0 6. Bb3 d6 7. c3 Na5 8. Bc2 c5 9. Nbd2 Be6 10. Re1 Nc6 11. Nf1 b5 12. Ne3 Qc8 13. d4 exd4 14. cxd4 Nxd4 15. Nxd4 cxd4 16. Qxd4 a5 17. Qd3 Qb7 18. b3 Rfc8 19. Bb2 g6 20. Rad1 Nh5 21. Rd2 Rc5 22. Bd1 Rg5 23. Bxh5 Rxh5 24. f4 Qb6 25. Rf2 d5 26. f5 Bb4 27. Ree2 Bc5 28. Ng4 dxe4 29. Qc3 Bd4 30. Qxd4 Qxd4 31. Bxd4 Rxf5 32. Nh6+ Kf8 33. Nxf5 Bxf5 34. h3 h5 35. g4 hxg4 36. hxg4 Bxg4 37. Rxe4 Bh5 38. Bf6 1-0

[Event "IECG CE.2004.0.00068 email"]
[Site "IECG email"]
[Date "2004.03.07"]
[Round "?"]
[White "Harrop, Greg"]
[Black "Groves, Patrick"]
[Result "1-0"]
[WhiteElo "1360"]
[BlackElo "1316"]
[PlyCount "33"]
[EventDate "2004.03.07"]
[EventType "tourn (corr)"]
[EventRounds "6"]
[SourceTitle "Corr 2008"]
[Source "ChessBase"]
[SourceDate "2008.06.24"]
[SourceVersion "1"]
[SourceVersionDate "2008.06.24"]
[SourceQuality "1"]

1. e4 c5 2. Nf3 d6 3. Bc4 Nf6 4. Ng5 e6 5. d3 Be7 6. 0-0 0-0 7. Nc3 d5 8. exd5 exd5 9. Bb3 Nc6 10. Re1 Bg4 11. f3 Bf5 12. g4 Bc8 13. Bf4 a6 14. h4 Nd4 15. Be3 Nxb3 16. axb3 d4 17. Bxd4 1-0

[Event "IECG QE.2003.0.00059"]
[Site "IECG email"]
[Date "2003.12.09"]
[Round "2"]
[White "Groves, Patrick"]
[Black "Mettler, Horst"]
[Result "1-0"]
[WhiteElo "1316"]
[BlackElo "1200"]
[PlyCount "63"]
[EventDate "2003.12.09"]
[EventType "tourn (corr)"]
[EventRounds "6"]
[SourceTitle "Corr 2008"]
[Source "ChessBase"]
[SourceDate "2008.06.24"]
[SourceVersion "1"]
[SourceVersionDate "2008.06.24"]
[SourceQuality "1"]

1. e4 e6 2. d4 d5 3. Nc3 Bb4 4. e5 Ne7 5. a3 Bxc3+ 6. bxc3 c5 7. Nf3 Qa5 8. Bd2 Qc7 9. Bb5+ Bd7 10. Be2 Nbc6 11. 0-0 0-0 12. Re1 Ng6 13. Bd3 Rab8 14. Be3 Nce7 15. dxc5 Rbc8 16. Bd4 Rfd8 17. Rb1 Bc6 18. Nd2 Qa5 19. Qf3 Rb8 20. Qh5 h6 21. Nf3 Nf4 22. Qg4 Nfg6 23. Nh4 Nxh4 24. Qxh4 Kf8 25. Re3 Qxa3 26. Qg4 Qa2 27. Rbe1 g6 28. Rh3 h5 29. Qg5 Ke8 30. Rf3 Qa4 31. Qh6 Kd7 32. Rxf7 1-0

[Event "IECG QE.2003.0.00059"]
[Site "IECG email"]
[Date "2003.12.09"]
[Round "1"]
[White "Groves, Patrick"]
[Black "Terry, Bob"]
[Result "1-0"]
[WhiteElo "1316"]
[BlackElo "1200"]
[PlyCount "37"]
[EventDate "2003.12.09"]
[EventType "tourn (corr)"]
[EventRounds "6"]
[SourceTitle "Corr 2008"]
[Source "ChessBase"]
[SourceDate "2008.06.24"]
[SourceVersion "1"]
[SourceVersionDate "2008.06.24"]
[SourceQuality "1"]

1. e4 d6 2. d4 Nf6 3. Nc3 g6 4. f4 Bg7 5. Nf3 0-0 6. Bd3 Nc6 7. e5 Ng4 8. h3 Nh6 9. Be3 Nf5 10. Bxf5 Bxf5 11. g4 Bd7 12. Qe2 dxe5 13. dxe5 Be6 14. Ng5 Bc8 15. Rh2 Bh6 16. Rd1 Bd7 17. e6 fxe6 18. Nxe6 Bxe6 19. Rxd8 1-0

[Event "IECG QE.2003.0.00058"]
[Site "IECG email"]
[Date "2003.12.04"]
[Round "?"]
[White "Groves, Patrick"]
[Black "Paurevic, Drago"]
[Result "1-0"]
[WhiteElo "1316"]
[BlackElo "1385"]
[PlyCount "43"]
[EventDate "2003.12.04"]
[EventType "tourn (corr)"]
[EventRounds "6"]
[SourceTitle "Corr 2008"]
[Source "ChessBase"]
[SourceDate "2008.06.24"]
[SourceVersion "1"]
[SourceVersionDate "2008.06.24"]
[SourceQuality "1"]

1. e4 e6 2. d4 d5 3. Nc3 Bb4 4. e5 c5 5. a3 Bxc3+ 6. bxc3 Ne7 7. Nf3 Qa5 8. Bd2 Nbc6 9. Be2 cxd4 10. cxd4 Qa4 11. Rb1 Nxd4 12. Bd3 Nec6 13. Bb4 Nxf3+ 14. Qxf3 Nxe5 15. Qg3 Nxd3+ 16. cxd3 g6 17. Qe5 Rg8 18. 0-0 a5 19. Bc5 h6 20. Rfc1 Qh4 21. Rb5 Qg5 22. Qb2 1-0

[Event "IECG QE.2003.0.00058"]
[Site "IECG email"]
[Date "2003.12.04"]
[Round "?"]
[White "Groves, Patrick"]
[Black "Sherwood, Aaron"]
[Result "1/2-1/2"]
[WhiteElo "1316"]
[BlackElo "1299"]
[PlyCount "81"]
[EventDate "2003.12.04"]
[EventType "tourn (corr)"]
[EventRounds "6"]
[SourceTitle "Corr 2008"]
[Source "ChessBase"]
[SourceDate "2008.06.24"]
[SourceVersion "1"]
[SourceVersionDate "2008.06.24"]
[SourceQuality "1"]

1. e4 c6 2. d4 d5 3. Nc3 dxe4 4. Nxe4 Nf6 5. Nxf6+ gxf6 6. c3 Bf5 7. Nf3 Qc7 8. g3 Nd7 9. Bg2 e6 10. 0-0 Bd6 11. c4 0-0 12. Nh4 Bg6 13. d5 f5 14. Bh6 Rfe8 15. dxe6 fxe6 16. Qd2 Ne5 17. Qc3 Ng4 18. Bg5 Be5 19. Qb3 Qb6 20. Qxb6 axb6 21. h3 Bf6 22. Bxf6 Nxf6 23. f4 Bh5 24. Nf3 Ne4 25. g4 fxg4 26. Ne5 Nf6 27. a3 Red8 28. Rae1 Rd2 29. Rf2 Rd4 30. Re3 Kf8 31. Rb3 Ra6 32. Re3 Ke7 33. Rg3 gxh3 34. Bxh3 Bg6 35. Nxg6+ hxg6 36. Rxg6 Rxc4 37. Rg7+ Kd6 38. Rg6 Ke7 39. Rg7+ Kd6 40. Rg6 Ke7 41. Rg7+ 1/2-1/2

[Event "IECG QE.2003.0.00058"]
[Site "IECG email"]
[Date "2003.12.04"]
[Round "?"]
[White "Sherwood, Aaron"]
[Black "Groves, Patrick"]
[Result "0-1"]
[WhiteElo "1299"]
[BlackElo "1316"]
[PlyCount "107"]
[EventDate "2003.12.04"]
[EventType "tourn (corr)"]
[EventRounds "6"]
[SourceTitle "Corr 2008"]
[Source "ChessBase"]
[SourceDate "2008.06.24"]
[SourceVersion "1"]
[SourceVersionDate "2008.06.24"]
[SourceQuality "1"]

1. d4 d5 2. Nf3 e6 3. e3 Nf6 4. Bd3 c5 5. c3 Nc6 6. Nbd2 Bd6 7. 0-0 0-0 8. dxc5 Bxc5 9. e4 Qc7 10. Qe2 Bd6 11. Re1 Ng4 12. h3 Nge5 13. Nxe5 Nxe5 14. exd5 exd5 15. Nf3 Nxd3 16. Qxd3 Qc4 17. Rd1 Qxd3 18. Rxd3 Rd8 19. Be3 Be6 20. Rad1 a6 21. c4 Rac8 22. cxd5 Bf5 23. Rd4 Rc2 24. R4d2 Be4 25. Rxc2 Bxc2 26. Rd2 Be4 27. Ng5 Bb1 28. a3 h6 29. Nf3 Be4 30. Bb6 Rd7 31. b4 Bf4 32. Be3 Bb8 33. Re2 Rxd5 34. Nd4 f5 35. f3 Bd3 36. Rd2 f4 37. Bf2 Bc4 38. Rc2 b5 39. Kh2 Bd6 40. Nc6 Rd3 41. Bc5 Bxc5 42. bxc5 Rxa3 43. Ne5 Be6 44. c6 b4 45. Ng6 Rc3 46. Rxc3 bxc3 47. Nxf4 c2 48. Ne2 Kf7 49. Kg3 Ke7 50. Kf2 Kd6 51. Ke1 Bc4 52. Nc1 g5 53. Kd2 Bf1 54. g4 0-1

[Event "IECG CE.2003.0.00052 email"]
[Site "IECG email"]
[Date "2003.05.08"]
[Round "?"]
[White "Juntunen, Juha"]
[Black "Groves, Patrick"]
[Result "1-0"]
[WhiteElo "1257"]
[BlackElo "1318"]
[PlyCount "47"]
[EventDate "2003.05.08"]
[EventType "tourn (corr)"]
[EventRounds "6"]
[SourceTitle "Corr 2008"]
[Source "ChessBase"]
[SourceDate "2008.06.24"]
[SourceVersion "1"]
[SourceVersionDate "2008.06.24"]
[SourceQuality "1"]

1. e4 e5 2. Nf3 Nc6 3. Bb5 a6 4. Ba4 Nf6 5. d3 d6 6. 0-0 Be7 7. Nc3 b5 8. Bb3 Na5 9. Be3 0-0 10. h3 Bb7 11. Qd2 c5 12. Nd5 Nxb3 13. Nxf6+ Bxf6 14. axb3 Be7 15. Qc1 f5 16. Ng5 Qd7 17. exf5 Qc6 18. f3 Rxf5 19. c4 Bxg5 20. Bxg5 Raf8 21. Be7 R8f7 22. Bh4 Qd7 23. Re1 Rh5 24. Bg3 1-0

[Event "IECG QE.2003.0.00044"]
[Site "IECG email"]
[Date "2003.04.25"]
[Round "2"]
[White "Poblete, Litos"]
[Black "Groves, Patrick"]
[Result "1-0"]
[WhiteElo "1312"]
[BlackElo "1318"]
[PlyCount "37"]
[EventDate "2003.04.25"]
[EventType "tourn (corr)"]
[EventRounds "6"]
[SourceTitle "Corr 2008"]
[Source "ChessBase"]
[SourceDate "2008.06.24"]
[SourceVersion "1"]
[SourceVersionDate "2008.06.24"]
[SourceQuality "1"]

1. d4 d5 2. Nf3 e6 3. Bg5 Nf6 4. e3 c5 5. Bxf6 Qxf6 6. Be2 Nc6 7. 0-0 Bd6 8. c3 0-0 9. dxc5 Bxc5 10. Nbd2 Rd8 11. Nb3 Bb6 12. a4 Bc7 13. h3 e5 14. Re1 e4 15. Nfd2 Qe5 16. Nf1 Qg5 17. Bg4 Ne5 18. Bxc8 Nf3+ 19. Kh1 1-0

[Event "IECG QE.2003.0.00044"]
[Site "IECG email"]
[Date "2003.04.25"]
[Round "1"]
[White "Rattay, Walter"]
[Black "Groves, Patrick"]
[Result "1/2-1/2"]
[WhiteElo "1381"]
[BlackElo "1318"]
[PlyCount "64"]
[EventDate "2003.04.25"]
[EventType "tourn (corr)"]
[EventRounds "6"]
[SourceTitle "Corr 2008"]
[Source "ChessBase"]
[SourceDate "2008.06.24"]
[SourceVersion "1"]
[SourceVersionDate "2008.06.24"]
[SourceQuality "1"]

1. e4 c5 2. Nf3 d6 3. d4 cxd4 4. Nxd4 Nf6 5. Nc3 a6 6. Bc4 e6 7. 0-0 Be7 8. Qf3 0-0 9. Be3 Qc7 10. Be2 b5 11. a3 Bb7 12. Bd3 Nbd7 13. Qg3 Ne5 14. f3 d5 15. exd5 Bd6 16. Bf4 h6 17. Ne4 Nh5 18. Qh4 Nxf4 19. Qxf4 Rad8 20. Nxd6 Nxd3 21. cxd3 Bxd5 22. Rac1 Qxd6 23. Qxd6 Rxd6 24. Rc3 Rfd8 25. Nc2 f6 26. Rc1 e5 27. Kf1 Be6 28. Ke2 Bf5 29. Ne1 h5 30. h4 Rd4 31. g3 b4 32. axb4 Rxb4 1/2-1/2

[Event "IECG CF.2002.0.00038 email"]
[Site "IECG email"]
[Date "2002.12.05"]
[Round "?"]
[White "Cox, Marshall"]
[Black "Groves, Patrick"]
[Result "0-1"]
[WhiteElo "1000"]
[BlackElo "1000"]
[PlyCount "20"]
[EventDate "2002.12.05"]
[EventType "tourn (corr)"]
[EventRounds "6"]
[SourceTitle "Corr 2008"]
[Source "ChessBase"]
[SourceDate "2008.06.24"]
[SourceVersion "1"]
[SourceVersionDate "2008.06.24"]
[SourceQuality "1"]

1. e4 e5 2. Nf3 d6 3. h3 Nd7 4. Nc3 c6 5. d3 Be7 6. d4 Ngf6 7. Bg5 0-0 8. dxe5 dxe5 9. Bxf6 Bxf6 10. h4 Qb6 0-1